000 01743nam a2200277 a 4500
001 000017968
005 20200929165310.0
008 100408s1997 ne c 001 0cspa d
020 _a9076076014
040 _aDO-SdBNP
_bspa
_cBNPHU
082 _a929.2
_bE77v
100 1 _aEspinal Mota de Hoetink, Ligia,
_d1937-
_938960
245 1 0 _aVínculos :
_bla rueda más hermosa, crónica de dos familias dominicanas en los albores del siglo veinte /
_cLigia Espinal Mota.
260 _aBussum, Holanda :
_bFirtst Hand,
_c1997.
300 _a83 p. :
_bil., retrs. ;
_c25 cm.
500 _aIncluye datos biográficos de la autora en la contracubierta.
505 0 _gPrólogo --
_tEsbozo del trabajo --
_tPersonas consultadas --
_tÁrbol genealógico Familia Espinal --
_tÁrbol genealógico Familia Santana --
_tCronología corta de sucesos nacionales --
_tTrasfondo general --
_tEsbozo familiar-nacional 1898 --
_tEsbozo familiar-nacional 1899 --
_tEsbozo familiar-nacional 1900 --
_tEsbozo familiar-nacional 1901 --
_tEsbozo familiar-nacional 1902 --
_tEsbozo familiar-nacional 1903 --
_tActuaciones político-militares Gral E. Santana --
_tEsbozo familiar-nacional 1904 --
_tPunto y seguido: 1904-1925 --
_tDinero... su escasez --
_tLos Penson --
_t"Señora, que si Ud. quiere una muchachita! --
_tYo no creo en brujas, pero ..."
_tVínculos - La rueda más hermosa --
_gBibliografía --
_gAnexos.
504 _aIncluye bibliografía y notas al pie de páginas.
504 _aBibliografía : p. 82-83.
600 1 4 _aESPINAL (FAMILIA)
_xGENEALOGÍA
_938961
600 1 4 _aSANTANA (FAMILIA)
_xGENEALOGÍA
_938962
650 4 _aParentesco
_92156
651 4 _aRepública Dominicana
_xGenealogía
_92157
910 _aValidado. Control de calidad EMS.
049 _aBNPD
999 _c17492
_d17492